00830nam a22002057a 450000500170000001000130001702000260003003500130005603700290006903700190009808200080011710000290012524501200015426000470027427000620032130000290038394200220041299900170043495201730045120110624114743.0 aB-430937 a9780195626162c495.00 aB-430937 bOxford University Press  bAllied Pub/Ven a954 aCohn, Bernard S. 929051 aAn anthropologist among the historians and other essays /cby Bernard S. Cohn with an introduction by Ranajit Guha  aNew Delhi bOxford University Press c2010 aYMCA Library Building, Jai Singh RoadbNew Delhi e110001 axxvi, 682p. c24cm(pbk)  2ddccENmCOHh954 c53142d53142 001040708NFICaLbLd2011-06-30eAllied Pub/2951/29.3.11/78/14.3.11/31.3.11g495.00l2o954 COHpB-430937r2024-08-05 00:00:00s2024-07-22t1v495.00w2011-06-30yEN